| 000 | 00539nam a2200133Ia 4500 | ||
|---|---|---|---|
| 008 | 170221s9999 xx 000 0 und d | ||
| 100 | _aOlumide Ijose | ||
| 245 | _aInstitutional profile, absorptive capacity and internalization of international joint venture foreign parent organizational practices in the African context | ||
| 245 | _cOlumide Ijose, Governors State University. | ||
| 260 | _bJournal of Management and Marketing Research | ||
| 260 | _c2013 | ||
| 650 | _xBusiness | ||
| 856 | _uhttp://www.aabri.com/manuscripts/111038.pdf | ||
| 999 |
_c309587 _d309587 |
||